The Palace school of Muhammad the Conqueror /

محفوظ في:

المؤلف الرئيسي: Miller, Barnette (مؤلف)

التنسيق: كتاب

اللغة: English

الموضوعات:

الوسوم: إضافة وسم

لا توجد وسوم, كن أول من يضع وسما على هذه التسجيلة!

رقم الطلب: LF5321 .I7 S454 1941

LEADER 00838namaa2200241 4500
001 21546
003 OSt
005 20210912124903.0
008 130303s1941 maue g 000 0 eng d
952 |0 0  |1 0  |2 lcc  |4 0  |6 LF5321 I7 S454 01941  |7 1  |9 18666  |a ARCE  |b ARCE  |d 2021-09-12  |l 0  |o LF5321 .I7 S454 1941  |p 1001644  |r 2021-09-12 00:00:00  |w 2021-09-12  |y BK 
999 |c 21788  |d 21788 
010 |a 41004300 
040 |c ARCE Library 
043 |a a-tu--- 
050 0 4 |a LF5321 .I7 S454 1941 
100 1 |a Miller, Barnette,  |e author 
245 1 4 |a The Palace school of Muhammad the Conqueror /  |c Barnette Miller. 
264 1 |a Cambridge :  |b Harvard university press,  |c 1941. 
300 |a x pages, [3]-226 pages :  |b plans (1 double) ;  |c 21 cm. 
610 2 0 |a Enderun Mektebi (Istanbul, Turkey)  |9 22080 
650 0 |a Education  |z Turkey. 
901 |a reviewed 
942 |c BK  |2 lcc